Statistics for Rank the 10 Biggest Countries

Click here to take the quiz!

General Stats

  • This quiz has been taken 188 times
  • The average score is 7 of 10

Answers on the Map

Answers color-coded by a green-red scale on the quiz's map according to % correct below.
Loading ...
 

Answer Stats

Answer% Correct
Russia - the largest
96%
Canada - the 2nd largest
87%
China - the 3rd largest
80%
Brazil - the 5th largest
74%
United States - the 4th largest
74%
India - the 7th largest
70%
Australia - the 6th largest
62%
Algeria - the 10th largest
57%
Argentina - the 8th largest
57%
Kazakhstan - the 9th largest
40%

Score Distribution

Percentile by Number Answered

Percent of People with Each Score

Your Score History

You have not taken this quiz